| 000 | 00745nam a2200217 a 4500 | ||
|---|---|---|---|
| 001 | 2959 | ||
| 003 | CDMR | ||
| 005 | 20151026104202.0 | ||
| 008 | 130130s1985||||||||||||||||||||||||||||d | ||
| 020 | _a8486153468 | ||
| 040 |
_aCDMR _bcat _cCPC GIRONA |
||
| 100 | 1 |
_aStevenson, Robert Louis _91837 |
|
| 245 | 1 | 4 |
_aLas noticias internacionales y el nuevo orden en la información mundial _cRobert L. Stevenson, Donald Lewis Shaw ; [traducido por: A. Espinet, L. Porta] |
| 260 |
_c1985 _bMitre _aBarcelona |
||
| 490 | 0 | _aCiencias de la Comunicación (Mitre) | |
| 650 | 0 | 4 |
_9744 _aServeis d'informació |
| 650 | 0 | 4 |
_92190 _aComunicació internacional |
| 650 | 0 | 4 |
_91890 _aAgències de notícies |
| 700 | 1 |
_92179 _aShaw, Donald Lewis |
|
| 942 |
_cMON _2udc |
||
| 999 |
_c2959 _d2959 |
||